| 000 | 00498cam a2200193ua 4500 | ||
|---|---|---|---|
| 020 |
_a81-203-0809-3 _c65.00 |
||
| 041 |
_aeng _h |
||
| 082 |
_a532 _bRAT/FL |
||
| 100 | _aRathakrishnan, E . | ||
| 245 |
_aFluid mechanics: An introduction / _cE Rathakrishnan. _hTextual Documents |
||
| 250 |
_a1 / _b. |
||
| 260 |
_aNew Delhi : _bPrentice Hall of India Pvt Ltd. , _c1994. |
||
| 300 | _a92 ; . | ||
| 365 | _a65.00 | ||
| 500 | _a*CSS | ||
| 504 | _a | ||
| 942 | _cBK | ||
| 999 |
_c7364 _d7364 |
||